000 00597nam a2200193Ia 4500
003 OSt
005 20201006103005.0
008 190216s9999||||xx |||||||||||||| ||und||
020 _a0471011282
040 _coclc
082 _a001.6424
_bSCH/A
100 _aSchneider, G Michael
_95341
245 0 _aAdvanced Programming And Problem Solving With Pascal /
_cG Michael Schneider ; Steven C Bruell
250 _a2nd Ed.
260 _bJohn Wiley & Sons,
_aNew York:
_c1987.
300 _a621p
650 _aMathematics
942 _cBK
_2ddc
_h001.6424
_iSCH/A
_k001.6424
_mSCH/A
999 _c31120
_d31120